<?xml version="1.0" encoding="UTF-8"?>
<record
    xmlns:xsi="http://www.w3.org/2001/XMLSchema-instance"
    xsi:schemaLocation="http://www.loc.gov/MARC21/slim http://www.loc.gov/standards/marcxml/schema/MARC21slim.xsd"
    xmlns="http://www.loc.gov/MARC21/slim">

  <leader>00936nam a2200229 a 4500</leader>
  <controlfield tag="001">41348</controlfield>
  <controlfield tag="003">BD-RjUL</controlfield>
  <controlfield tag="005">20211209053354.0</controlfield>
  <controlfield tag="008">160529s1971    ii ||||| |||| 00| 0 ben d</controlfield>
  <datafield tag="020" ind1=" " ind2=" ">
    <subfield code="c">: Tk. 14.00</subfield>
  </datafield>
  <datafield tag="035" ind1=" " ind2=" ">
    <subfield code="a">(BD-RjUL) 41465</subfield>
  </datafield>
  <datafield tag="040" ind1=" " ind2=" ">
    <subfield code="a">BD-RjUL</subfield>
    <subfield code="b">ben</subfield>
    <subfield code="c">BD-RjUL</subfield>
  </datafield>
  <datafield tag="041" ind1=" " ind2=" ">
    <subfield code="a">ben</subfield>
  </datafield>
  <datafield tag="082" ind1=" " ind2=" ">
    <subfield code="2">23</subfield>
    <subfield code="a">294.592</subfield>
    <subfield code="b">BAB 1971</subfield>
  </datafield>
  <datafield tag="100" ind1="1" ind2=" ">
    <subfield code="a">&#x9AC;&#x9B8;&#x9C1;, &#x9B0;&#x9BE;&#x99C;&#x9B6;&#x9C7;&#x996;&#x9B0;</subfield>
    <subfield code="9">126211</subfield>
  </datafield>
  <datafield tag="245" ind1="1" ind2="0">
    <subfield code="a">&#x9AC;&#x9BE;&#x9B2;&#x9CD;&#x9AE;&#x9C0;&#x995;&#x9BF;-&#x9B0;&#x9BE;&#x9AE;&#x9BE;&#x9AF;&#x9BC;&#x9A3; /</subfield>
    <subfield code="c">&#x9B0;&#x9BE;&#x99C;&#x9B6;&#x9C7;&#x996;&#x9B0; &#x9AC;&#x9B8;&#x9C1;, &#x9B8;&#x9BE;&#x9B0;&#x9BE;&#x9A8;&#x9C1;&#x9AC;&#x9BE;&#x9A6;</subfield>
  </datafield>
  <datafield tag="260" ind1=" " ind2=" ">
    <subfield code="a">&#x995;&#x9B2;&#x9BF;&#x995;&#x9BE;&#x9A4;&#x9BE; : </subfield>
    <subfield code="b">&#x98F;&#x9AE;. &#x9B8;&#x9BF;. &#x9B8;&#x9B0;&#x995;&#x9BE;&#x9B0; &#x985;&#x9CD;&#x9AF;&#x9BE;&#x9A3;&#x9CD;&#x9A1; &#x9B8;&#x9A8;&#x9CD;&#x9B8; &#x9AA;&#x9CD;&#x9B0;&#x9BE;&#x987;&#x9AD;&#x9C7;&#x99F; &#x9B2;&#x9BF;&#x9AE;&#x9BF;&#x99F;&#x9C7;&#x9A1;, </subfield>
    <subfield code="c">&#x9E7;&#x9EF;&#x9ED;&#x9E7; (&#x9E7;&#x9E9;&#x9ED;&#x9EE;)</subfield>
  </datafield>
  <datafield tag="300" ind1=" " ind2=" ">
    <subfield code="a">[&#x9E8;&#x9E8;], &#x9EA;&#x9E7;&#x9E7; &#x9AA;&#x9C3;. ;</subfield>
    <subfield code="c">&#x9E8;&#x9E7; &#x9B8;&#x9C7;&#x9AE;&#x9BF;. </subfield>
  </datafield>
  <datafield tag="650" ind1=" " ind2=" ">
    <subfield code="a">&#x9B9;&#x9BF;&#x9A8;&#x9CD;&#x9A6;&#x9C1;&#x9A4;&#x9CD;&#x9A4;&#x9CD;&#x9AC;&#x9AC;&#x9BE;&#x9A6;</subfield>
    <subfield code="x">&#x9AA;&#x9AC;&#x9BF;&#x9A4;&#x9CD;&#x9B0; &#x9AC;&#x987;</subfield>
    <subfield code="9">127148</subfield>
  </datafield>
  <datafield tag="650" ind1=" " ind2=" ">
    <subfield code="a">Hinduism</subfield>
    <subfield code="x">Sacred books</subfield>
    <subfield code="9">127149</subfield>
  </datafield>
  <datafield tag="942" ind1=" " ind2=" ">
    <subfield code="2">ddc</subfield>
    <subfield code="c">BK</subfield>
  </datafield>
  <datafield tag="999" ind1=" " ind2=" ">
    <subfield code="c">41348</subfield>
    <subfield code="d">41348</subfield>
  </datafield>
  <datafield tag="952" ind1=" " ind2=" ">
    <subfield code="0">0</subfield>
    <subfield code="1">0</subfield>
    <subfield code="2">ddc</subfield>
    <subfield code="4">0</subfield>
    <subfield code="7">0</subfield>
    <subfield code="8">NFIC</subfield>
    <subfield code="a">RUCL</subfield>
    <subfield code="b">RUCL</subfield>
    <subfield code="c">Stack</subfield>
    <subfield code="d">1973-05-29</subfield>
    <subfield code="e">Uttarbanga Library, Rajshahi</subfield>
    <subfield code="g">14.00</subfield>
    <subfield code="l">0</subfield>
    <subfield code="o">B 294.592 BAB 1971</subfield>
    <subfield code="r">2016-05-29 00:00:00</subfield>
    <subfield code="t">C-2</subfield>
    <subfield code="w">2016-05-29</subfield>
    <subfield code="y">BK</subfield>
  </datafield>
  <datafield tag="952" ind1=" " ind2=" ">
    <subfield code="0">0</subfield>
    <subfield code="1">0</subfield>
    <subfield code="2">ddc</subfield>
    <subfield code="4">0</subfield>
    <subfield code="7">0</subfield>
    <subfield code="8">NFIC</subfield>
    <subfield code="a">RUCL</subfield>
    <subfield code="b">RUCL</subfield>
    <subfield code="c">Stack</subfield>
    <subfield code="d">1974-01-30</subfield>
    <subfield code="e">Mukhdomi and Ahasanullah, Rajshahi.</subfield>
    <subfield code="g">19.60</subfield>
    <subfield code="l">1</subfield>
    <subfield code="o">B 294.592 BAB 1971</subfield>
    <subfield code="r">2022-11-16 00:00:00</subfield>
    <subfield code="s">2022-10-26</subfield>
    <subfield code="t">C-3</subfield>
    <subfield code="w">2016-06-02</subfield>
    <subfield code="y">BK</subfield>
  </datafield>
</record>
